जीना सीखें: (Record no. 211159)

MARC details
000 -LEADER
fixed length control field 00950nam a22001937a 4500
010 ## - LCCN (DPL NO)
LC control number HIN-129727
020 ## - INTERNATIONAL STANDARD BOOK NUMBER
International Standard Book Number 9789380970134
Terms of availability 200.00
035 ## - SYSTEM CONTROL NUMBER
System control number HN-102073
037 ## - SOURCE OF ACQUISITION
Source of stock number/acquisition DBAD
082 ## - DEWEY DECIMAL CLASSIFICATION NUMBER
Edition number प्रथम
Classification number 158.1
100 ## - MAIN ENTRY--PERSONAL NAME
Personal name शर्मा ,गोपाल बाबू
245 ## - TITLE STATEMENT
Title जीना सीखें:
Remainder of title हँसते- मुस्कुराते हुए जीवन जीने की कला /
Statement of responsibility, etc गोपाल बाबू शर्मा [एवं] दीक्षा अग्रवाल
250 ## - EDITION STATEMENT
Edition statement प्रथम
260 ## - PUBLICATION, DISTRIBUTION, ETC. (IMPRINT)
Place of publication, distribution, etc मथुरा(उत्तर प्रदेश)
Name of publisher, distributor, etc प्रेरणा प्रकाशन
Date of publication, distribution, etc 2016
270 ## - ADDRESS
Address हालनगंज,
City मथुरा
Telephone number 09410082632
300 ## - PHYSICAL DESCRIPTION
Extent 88पृ.
Dimensions 22सेमी.(सजिल्द)
700 ## - ADDED ENTRY--PERSONAL NAME
Personal name अग्रवाल,दीक्षा
9 (RLIN) 81031
942 ## - ADDED ENTRY ELEMENTS (KOHA)
Source of classification or shelving scheme Dewey Decimal Classification
Item type Hindi Books
Classification part 158.1
Call number suffix शर्मागो
Holdings
Withdrawn status Lost status Not for loan Collection code Home library Current library Date acquired Source of acquisition Cost, normal purchase price Full call number Barcode Copy number Cost, replacement price Koha item type
      Non-fiction New Police Line New Police Line 06/05/2025 DBAD 200.00 158.1 शर्मागो HN-102073 1 200.00 Hindi Books

© Delhi Public Library
Hit Counter
free hit counter